000 00279nam a22001337a 4500
020 _a0-375-40137-7
082 _a821
_bMCC/T
100 _aCLATCHY, M C
245 _aCOMMANDMENTS
260 _aNEWYORK
_bALFRED A KNOPF
300 _a104
650 _aPOEMS
_zNEW YORK
942 _cBK
999 _c3981
_d3981